000 00563nam a2200157 a 4500
008 120416s0000 ||||||||||||||||| || u
020 _a0074601903
050 _aTJ 807 Ren
100 _aKishore, V. V. N
245 1 0 _aRenewable energy for rural development
_cedited by V. V. N. Kishore
260 _aNew Delhi
_bTata McGraw-Hill
_c1989
300 _axvi, 576p. : ill.
350 _a0.00
700 _aBansal, N. K
995 _D0.00
_FCBU-MAIN LIBRARY (Kitwe)
_H1
_I330.00
_UDAMAGED
_ZMain Library Open Access Collection
999 _c56061
_d56061